000 00305nam a22001337a 4500
008 170912b xxu||||| |||| 00| 0 eng d
020 _a9780697231383
041 _aeng
080 _a53
100 _a43
101 _afiz
245 _aFUNDAMENTALS OF COLLEGE PHYSICS
_cNOLAN.P.J
942 _2udc
_cBK
999 _c27238
_d27238